00841nam a22002171 450000100060000000300080000600500170001400800390003103500190007003500190008904000410010804100080014908200250015710000210018224501760020326000580037930000240043749000860046150400300054765000460057734682BD-RjUL20211209052209.0140518s1959 nyu b 000 0 eng a(BD-RjUL)34776 a(OCoLC)2537561 aDLCcArCCAdOCoLCdDLCdBD-RjULbeng aeng a361.07bSPA V-3 19591 aSpence, Susan H.14aThe administration method in social work education /cSusan H. Spence nVolume III :pA project report of the curriculum study werner W. Boehm, Directorn and Coordorinator aNew York :bCouncil on Social Work Education,cc1959. aiv, 75 p. ;c24 cm.1 aCouncil on Social Work Education. A project report of the curriculum study,vv. 3 aBibliography: p. [70]-75. 0aCharity organizationxStudy and teaching.